| 000 | 00377nam a2200109Ia 4500 | ||
|---|---|---|---|
| 008 | 220620s9999||||xx |||||||||||||| ||und|| | ||
| 245 | 4 | _aThe Global Politics of Artificial Intelligence | |
| 546 | _aEnglish[eng] | ||
| 650 | _aPublic policy; governance; development; AI; Artificial Intelligence; international trends; policy frames | ||
| 700 | _aTinnirello, Maurizio | ||
| 942 | _cEB | ||
| 999 |
_c35139 _d35139 |
||